| 000 | 01554nam0a2200349 4500 | ||
|---|---|---|---|
| 001 | RU\NLR\BIBL_A\022536997 | ||
| 005 | 20260420044151.0 | ||
| 010 |
_a978-5-19-012145-2 _9100 |
||
| 021 |
_aRU _bКН-П-25-013847 _9КН-П-25-1411 |
||
| 035 | _a(NLR Aleph) 022536997 | ||
| 090 |
_a13672249 _c13672249 |
||
| 100 | _a20250507d2025 u y0rusy50 ca | ||
| 101 | 0 |
_arus _achi |
|
| 102 | _aRU | ||
| 105 | _aa j 000yy | ||
| 181 | 0 |
_ai _baxxe |
|
| 182 | 0 | _an | |
| 200 | 1 |
_aЧитаем о современном Китае _eучебное пособие _eдля студентов, изучающих русский язык, как иностранный _fГу Цзюньлин, Юань Яньпин, Чэнь Юань [и др.] |
|
| 203 |
_aТекст _bвизуальный _cнепосредственный |
||
| 210 |
_aМосква _cИзд-во Московского университета _d2025 |
||
| 215 |
_a158, [1] с. _cтабл. _d22 |
||
| 300 | _aАвт. указаны на обороте тит. с. в макете | ||
| 300 | _aЧасть текста кит. | ||
| 606 | 1 |
_aБыт и нравы _jУчебные издания для высших учебных заведений _yКитайская Народная Республика _z21 в. _92673049 _3RU\NLR\AUTH\6601758568 |
|
| 686 | 1 | _aТ3(5Кит)7-75я73 | |
| 701 | 0 | _aГу Цзюньлин | |
| 701 | 0 | _aЮань Яньпин | |
| 701 | 0 | _aЧэнь Юань | |
| 942 | _cBOOK | ||
| 980 | _aNB | ||